[Event "Leeuwarden op"]
[Site "Leeuwarden"]
[Date "1993.??.??"]
[Round "6"]
[White "Van Wely, Loek"]
[Black "Psakhis, Lev"]
[Result "0-1"]
[WhiteElo "2585"]
[BlackElo "2585"]

1.d4 Nf6 2.c4 e6 3.Nf3 b6 4.g3 Ba6 5.Nbd2 Bb7 6.Bg2 c5 7.d5 exd5 8.Nh4 g6
9.cxd5 Bg7 10.Nc4 O-O 11.Nd6 Ba6 12.a4 Ne8 13.Ne4 d6 14.O-O Nd7 15.Rb1 Ndf6
16.Nc3 Ng4 17.Bd2 Qe7 18.b4 Bxc3 19.Bxc3 Ne3 20.Qd2 Nxf1 21.Kxf1 Ng7 22.b5 Bc8
23.e4 f6 24.Kg1 g5 25.Nf3 Qxe4 26.Re1 Qg6 27.h4 h6 28.hxg5 hxg5 29.Re7 Rf7
30.Qe1 Bf5 31.Nd2 Bd3 32.Re6 Rd8 33.Be4 Bxe4 34.Nxe4 Rdf8 35.Nxd6 Rd7 36.Qe2 Kh7
37.g4 Rdd8 38.Kg2 Nxe6 39.Qxe6 Rxd6 40.Qxd6 Qe4+ 41.f3 Qe2+ 42.Kg3 Kg7 43.Qd7+ Rf7
44.Qf5 Qe3 45.Bb2 Qd2  0-1

[Event "Leeuwarden op"]
[Site "Leeuwarden"]
[Date "1993.??.??"]
[Round "8"]
[White "Piket, Jeroen"]
[Black "Psakhis, Lev"]
[Result "1-0"]
[WhiteElo "2590"]
[BlackElo "2585"]

1.d4 e6 2.c4 Bb4+ 3.Bd2 a5 4.Nf3 d6 5.g3 Nc6 6.Bg2 e5 7.Bxb4 axb4 8.d5 Nb8
9.O-O Nf6 10.Nbd2 O-O 11.Ne1 c5 12.Nd3 b5 13.cxb5 Bd7 14.a4 bxa3 15.Qb3 Qb6
16.Rxa3 Rxa3 17.bxa3 Qxb5 18.Rb1 Qa5 19.Nc4 Qa6 20.Qc3 Bb5 21.Ncxe5 h5 22.Qb2 Ba4
23.Nf3 Nxd5 24.Nh4 Nf6 25.Nf5 c4 26.Nb4 Qa5 27.Bd5 Nbd7 28.Qc1 Nh7 29.Nxd6 Ndf6
30.Qxc4 Qa7 31.Bxf7+ Kh8 32.Nd3 Ng5 33.Rb7 Qa5 34.h4 Ngh7 35.Nf4 Qe1+ 36.Kg2 Bc2
37.Qxc2  1-0

[Event "Novosibirsk"]
[Site "Novosibirsk"]
[Date "1993.??.??"]
[Round "2"]
[White "Psakhis, Lev"]
[Black "Epishin, Vladimir"]
[Result "1/2-1/2"]
[WhiteElo "2575"]
[BlackElo "2620"]

1.e4 c6 2.d4 d5 3.Nd2 dxe4 4.Nxe4 Nd7 5.Bc4 Ngf6 6.Nxf6+ Nxf6 7.c3 Nd5 8.Nf3 Bg4
9.h3 Bxf3 10.Qxf3 e6 11.a4 g6 12.h4 h5 13.g3 Bh6 14.Bxh6 Rxh6 15.a5 Kf8 16.O-O Kg7
17.Rfe1 Rh8 18.Bf1 Qf6 19.Qd3 Rhd8 20.Bg2 Rac8 21.Qc4 Rd7 22.Re5 Qd8 23.Qb3 Rb8
24.Bf3 b6 25.axb6 Qxb6 26.Qxb6  1/2-1/2

[Event "Novosibirsk"]
[Site "Novosibirsk"]
[Date "1993.??.??"]
[Round "5"]
[White "Vyzmanavin, Alexey"]
[Black "Psakhis, Lev"]
[Result "1-0"]
[WhiteElo "2620"]
[BlackElo "2575"]

1.d4 e6 2.c4 Nf6 3.Nf3 b6 4.g3 Ba6 5.b3 Bb4+ 6.Bd2 Be7 7.Bg2 c6 8.Bc3 d5
9.Ne5 Nfd7 10.Nxd7 Nxd7 11.Nd2 O-O 12.O-O Rc8 13.Re1 f5 14.Rc1 Nf6 15.Bb2 b5
16.c5 Bb7 17.b4 a5 18.a3 a4 19.f3 Rc7 20.e4 Bc8 21.Rc2 g6 22.Kh1 Rf7 23.e5 Nh5
24.f4 Ng7 25.Nf3 Qf8 26.Bc1 Nh5 27.Bf1 Bd8 28.Bd3 Bd7 29.Rg2 Be8 30.Be3 Rb7
31.Qd2 Ra7 32.Reg1 Ng7 33.h3 Kh8 34.g4 Rab7 35.Nh2 Ra7 36.Qe1 Rab7 37.Rf1 Ra7
38.Nf3 Rab7 39.Be2 Ra7 40.Bf2 Ra8 41.Rgg1 Bd7 42.Bh4 fxg4 43.hxg4 Rxf4 44.Ng5 Kg8
45.Qg3 Bxg5 46.Bxg5 Rxf1 47.Rxf1 Qe8 48.Qh4 Bc8 49.Bh6 Ra7 50.Kg2 Qe7 51.Bg5 Qe8
52.Rh1 h5 53.Bf6 Qf7 54.Qg5  1-0

[Event "Ostend op"]
[Site "Ostend"]
[Date "1993.??.??"]
[Round "1"]
[White "Psakhis, Lev"]
[Black "Sneppe, H."]
[Result "1-0"]
[WhiteElo "2585"]
[BlackElo "2085"]

1.c4 Nf6 2.Nc3 c5 3.g3 d5 4.cxd5 Nxd5 5.Bg2 Nc7 6.Qb3 Nc6 7.Bxc6+ bxc6 8.Qa4 Qd7
9.Nf3 f6 10.d3 e5 11.O-O Be7 12.Be3 Nd5 13.Bd2 O-O 14.Rfc1 Rb8 15.Ne4 Rb5
16.Qc2 Qb7 17.Rab1 Be6 18.a4 Nb4 19.Qd1 Rb6 20.Nxc5 Bxc5 21.Rxc5 Na6 22.Rc3 Rxb2
23.Rxb2 Qxb2 24.Rxc6 Bb3 25.Qf1 Nb8 26.Rc7 Bxa4 27.Rxa7 Bc6 28.Bc1 Qb5 29.Nh4 e4
30.dxe4 Bxe4 31.Qd1 Qb6 32.Qa4 Rd8 33.Re7 Bc6 34.Qc4+ Bd5 35.Qg4 Bf7 36.Nf5 Bg6
37.e4 Qb4 38.Rxg7+ Kh8 39.Rxg6 Qe1+ 40.Kg2 hxg6 41.Qxg6 Qxe4+ 42.Kh3 Rd7
43.Qxf6+  1-0

[Event "Ostend op"]
[Site "Ostend"]
[Date "1993.??.??"]
[Round "2"]
[White "Upton, Timothy J"]
[Black "Psakhis, Lev"]
[Result "1/2-1/2"]
[WhiteElo "2245"]
[BlackElo "2585"]

1.e4 e6 2.d4 d5 3.Nd2 c5 4.Ngf3 Nf6 5.e5 Nfd7 6.c3 Nc6 7.Bb5 Qb6 8.Qa4 a6
9.Bxc6 bxc6 10.O-O a5 11.Re1 Ba6 12.Qc2 cxd4 13.Nxd4 g6 14.N2f3 c5 15.Ne2 Bg7
16.Ng3 O-O 17.h4 d4 18.Bf4 Rab8 19.Rab1 Bc4 20.b3 Bd5 21.Ne4 dxc3 22.Qxc3 Qb4
23.Qe3 Bxe4 24.Qxe4 Qxe4 25.Rxe4 Rb4 26.Rbe1 Ra8 27.Bd2 Rb7 28.Rc1 Rba7 29.Be3 Bf8
30.Nd2 h5 31.Nc4 Ra6 32.Rd1 R8a7 33.f3 Rb7 34.Nb2  1/2-1/2

[Event "Ostend op"]
[Site "Ostend"]
[Date "1993.??.??"]
[Round "4"]
[White "Niermann, Michael"]
[Black "Psakhis, Lev"]
[Result "0-1"]
[WhiteElo "2215"]
[BlackElo "2585"]

1.Nf3 Nf6 2.g3 d5 3.Bg2 c6 4.O-O Bg4 5.d3 Nbd7 6.c4 e6 7.Be3 Bd6 8.Qb3 Qc7
9.Nc3 O-O 10.cxd5 exd5 11.Rac1 a6 12.Bd4 Rae8 13.Rfe1 Qb8 14.e4 Bxf3 15.Bxf3 Be5
16.Bxe5 Nxe5 17.Be2 dxe4 18.dxe4 Qa7 19.h3 b5 20.a4 h5 21.axb5 axb5 22.h4 Rd8
23.Red1 Rxd1+ 24.Rxd1 Qc5 25.Kg2 Ra8 26.Re1 b4 27.Nd1 Ra1 28.f3 Qd4 29.Kf1 c5
30.Ne3 Rxe1+ 31.Kxe1 g6 32.Kf1 Kg7 33.Nc4 Nxc4 34.Bxc4 Nd7 35.Bxf7 Ne5 36.Bd5 Nd3
37.Qc2 Nxb2 38.f4 c4 39.Qe2 b3 40.Kg2 Nd3 41.Qf1 b2  0-1

[Event "Ostend op"]
[Site "Ostend"]
[Date "1993.??.??"]
[Round "8"]
[White "Rechlis, Gad"]
[Black "Psakhis, Lev"]
[Result "0-1"]
[WhiteElo "2510"]
[BlackElo "2585"]

1.d4 Nf6 2.c4 e6 3.Nc3 Bb4 4.e3 O-O 5.Bd3 d5 6.a3 Bxc3+ 7.bxc3 dxc4 8.Bxc4 c5
9.Nf3 Qc7 10.Be2 b6 11.Bb2 Bb7 12.c4 Nbd7 13.O-O Rac8 14.Rc1 Rfd8 15.Nd2 cxd4
16.exd4 Qf4 17.Bf3 Bxf3 18.Nxf3 Rc7 19.Re1 Rdc8 20.Qb3 h6 21.a4 Ne4 22.Qd3 Nd6
23.Nd2 Qf5 24.Qb3 Qa5 25.Red1 Qa6 26.d5 e5 27.Qh3 Qxa4 28.Ba3 Nxc4 29.d6 Nxd6
30.Ra1 Qc6 31.Bxd6 Qxd6 32.Ne4 Qe6 33.Qxe6 fxe6 34.Nd6 Ra8 35.Nb5 Rb7 36.Nd6 Rbb8
37.Nb5 Rb7 38.Nd6 Rc7 39.Nb5 Rc5 40.Nxa7 Nf6 41.h3 Nd5 42.Ra3 Kf7 43.Rb1 Ke8
44.Re1 Kd7 45.Rxe5 Ra5 46.Rxa5 bxa5 47.Nb5 a4 48.Na3 Rb8 49.Re1 Rb3 50.Ra1 Nc3
51.Kf1 Kc6 52.Ke1 Kc5 53.Nc2 Rb1+ 54.Rxb1 Nxb1 55.Kd1 Kc4 56.Kc1 Nc3 57.h4 Kd3
58.f3 Ne2+ 59.Kb2 Nf4 60.g3 Ne2  0-1

[Event "Rostov"]
[Site "Rostov"]
[Date "1993.??.??"]
[Round "?"]
[White "Psakhis, Lev"]
[Black "Tukmakov, Vladimir B"]
[Result "1-0"]
[WhiteElo "2575"]
[BlackElo "2605"]

1.c4 c5 2.Nc3 Nf6 3.g3 d5 4.cxd5 Nxd5 5.Bg2 Nc7 6.Qb3 Nc6 7.Bxc6+ bxc6 8.Qa4 Qd7
9.Nf3 f6 10.d3 e5 11.Be3 Ne6 12.O-O Rb8 13.Rab1 h5 14.Ne4 Nd4 15.Bxd4 cxd4
16.Rfc1 Rb5 17.Rc2 a5 18.Rbc1 Bb7 19.Nh4 Rh6 20.b3 Qd5 21.Qc4 Kd7 22.Qxd5+ Rxd5
23.Nc5+ Bxc5 24.Rxc5 Rh8 25.Nf3 Rb8 26.Nd2 Ba8 27.R5c4 Kc7 28.Ne4 Rb4 29.Kg2 f5
30.Ng5 Kd6 31.f4 exf4 32.gxf4 c5 33.Kf2 Rb7 34.Ne4+ fxe4 35.dxe4 Rf7 36.exd5 Rxf4+
37.Ke1 Bxd5 38.Rxc5 Rg4 39.Rxa5 Rg1+ 40.Kd2 Rg2  1-0

[Event "Rostov"]
[Site "Rostov"]
[Date "1993.??.??"]
[Round "?"]
[White "Psakhis, Lev"]
[Black "Vaganian, Rafael A"]
[Result "1-0"]
[WhiteElo "2575"]
[BlackElo "2615"]

1.e4 Nf6 2.e5 Nd5 3.d4 d6 4.Nf3 dxe5 5.Nxe5 g6 6.Bc4 Be6 7.Bb3 Bg7 8.O-O O-O
9.Nf3 Bg4 10.Nbd2 a5 11.a3 c6 12.h3 Bxf3 13.Nxf3 e6 14.Bg5 Ne7 15.Qd2 Nd7
16.Rfe1 Re8 17.h4 Nf6 18.c3 Qb6 19.Ba2 Nf5 20.h5 c5 21.h6 Bh8 22.Qf4 cxd4
23.g4 Nxg4 24.Qxg4 dxc3 25.bxc3 Bxc3 26.Rab1 Qc5 27.Re2 b5 28.Qf4 Ra6 29.a4 b4
30.Rd1 Rd6 31.Rxd6 Qxd6 32.Qxd6 Nxd6 33.Kg2 Nb7 34.Be3 Rc8 35.Ng5 Nc5 36.Bxc5 Rxc5
37.Ne4 Rc7 38.Nxc3 Rxc3 39.Re5 Kf8 40.Rxa5 b3 41.Bb1 Rc1 42.Be4 f5 43.Ra8+ Ke7
44.Ra7+ Kf6 45.Rxh7 fxe4 46.Rb7 e3 47.fxe3 Rc4 48.a5 Rg4+ 49.Kf3 Rh4 50.a6 Rxh6
51.a7 Rh8 52.Rb8 b2 53.Rxb2 Ra8 54.Ra2 Kg5 55.Ra4 Kf6 56.Ra5 Ke7 57.Kf4 Kd6
58.Kg5 Kc6 59.Kxg6  1-0

[Event "Rostov"]
[Site "Rostov"]
[Date "1993.??.??"]
[Round "?"]
[White "Psakhis, Lev"]
[Black "Epishin, Vladimir"]
[Result "1/2-1/2"]
[WhiteElo "2575"]
[BlackElo "2620"]

1.e4 c6 2.d4 d5 3.exd5 cxd5 4.c4 Nf6 5.Nc3 e6 6.Nf3 Be7 7.cxd5 Nxd5 8.Bc4 Nc6
9.O-O O-O 10.Re1 Bf6 11.Ne4 b6 12.a3 Bb7 13.Qd3 Nce7 14.Nfg5 Ng6 15.h4 Bxg5
16.Nxg5 h6 17.Nxe6 fxe6 18.Qxg6 Qxh4 19.Qg3 Qxg3 20.fxg3 Rf6 21.Bd2  1/2-1/2

[Event "Rostov"]
[Site "Rostov"]
[Date "1993.??.??"]
[Round "?"]
[White "Pushkov, Nikolai"]
[Black "Psakhis, Lev"]
[Result "1/2-1/2"]
[WhiteElo "2485"]
[BlackElo "2575"]

1.Nf3 Nf6 2.c4 e6 3.Nc3 Bb4 4.Qc2 O-O 5.a3 Bxc3 6.Qxc3 b6 7.g3 Bb7 8.Bg2 d5
9.cxd5 exd5 10.O-O Re8 11.Re1 c5 12.d4 Ne4 13.Qc2 Nd7 14.dxc5 bxc5 15.Nd2 Nef6
16.Nc4 Re6 17.Bf4 Bc6 18.Ne3 Qb6 19.b4 cxb4 20.axb4 d4 21.Nf5 Bxg2 22.Kxg2 g6
23.Nh4 Qxb4 24.Nf3 Qc3 25.Qa2 Qc5 26.Red1 Nd5 27.Rxd4 Nxf4+ 28.Rxf4 a5 29.Rd1 Nf6
30.h4 h6  1/2-1/2

[Event "Andorra op"]
[Site "Andorra"]
[Date "1994.??.??"]
[Round "2"]
[White "Psakhis, Lev"]
[Black "Manouck, Thierry"]
[Result "1-0"]
[WhiteElo "2605"]
[BlackElo "2285"]

1.e4 d6 2.d4 Nf6 3.f3 e5 4.d5 c6 5.c4 Be7 6.Be3 O-O 7.Nc3 a6 8.Bd3 cxd5 9.cxd5 b5
10.b4 Qc7 11.Nge2 Qb7 12.Qd2 Bd7 13.O-O Rc8 14.h3 Bd8 15.f4 Ne8 16.f5 Bb6
17.Kh2 f6 18.g4 a5 19.a3 Na6 20.Rfb1 axb4 21.axb4 Nac7 22.Kg2 Ra7 23.Rxa7 Qxa7
24.Bxb6 Qxb6 25.Ng3 Ra8 26.Qf2 Qxf2+ 27.Kxf2 Ra3 28.Nge2 Kf7 29.Ke3 Na8 30.Kd2 Nec7
31.Kc2 Nb6 32.Kb2 Ra8 33.Rc1 Ke7 34.Nb1 Kd8 35.Na3 Rb8 36.Kb3 Rb7 37.Ra1 Nc8
38.Nc3 Ra7 39.Rg1 Rb7 40.g5 Ke7 41.h4 Be8 42.Nc2 Kf8 43.Ne3 Ne7 44.Ra1 Ng8
45.Ra5 Ne7 46.Be2 Bd7 47.Ra1 Be8 48.Bf3 Ng8 49.Ra5 Ne7 50.Be2 Bd7 51.gxf6 gxf6
52.Bh5 Ng8 53.Kc2 Ne7 54.Kd2 Ng8 55.Ng4 Kg7 56.Na2 Ne7 57.Ne3 Nc8 58.Be2 Ra7
59.Nc3 Kf8 60.Kc2 Rxa5 61.bxa5 Na7 62.Kb2 Na6 63.Nc2 Nc5 64.Ka3 Ke7 65.Na1 Kd8
66.Nb3 Kc7 67.Bh5 Nd3 68.Nd1 b4+ 69.Ka2 Nb5 70.Be2 Nc5 71.Nxc5 dxc5 72.Bd3 Nd4
73.Ne3 h5 74.Kb2 Be8 75.Bc4 Nf3 76.a6 Nd2 77.d6+ Kb6 78.Bf7  1-0

[Event "Cap d'Agde op"]
[Site "Cap d'Agde"]
[Date "1994.??.??"]
[Round "?"]
[White "Beshukov, Sergei"]
[Black "Psakhis, Lev"]
[Result "0-1"]
[WhiteElo "2495"]
[BlackElo "2605"]

1.Nf3 Nf6 2.c4 e6 3.g3 a6 4.Bg2 b5 5.Qb3 c5 6.cxb5 axb5 7.d4 Qa5+ 8.Bd2 b4
9.dxc5 Bxc5 10.Ne5 d5 11.Nd3 Nc6 12.Nxc5 Qxc5 13.Be3 Nd4 14.Bxd4 Qxd4 15.O-O Ba6
16.Re1 Nd7 17.e3 Qb6 18.Bf1 Nc5 19.Qd1 O-O 20.Qd4 e5 21.Qxd5 Rfd8 22.Qxe5 Bxf1
23.Rxf1 Nb3 24.axb3 Rxa1 25.Nd2 Rxf1+ 26.Kxf1 Qc6 27.Kg1 f6 28.Qe4 Qxe4 29.Nxe4 Rd1+
30.Kg2 Rb1 31.Nc5 Rxb2 32.e4 Kf7 33.Kf3 g5 34.h3 h6 35.Ke3 Ke7 36.f4 Rg2
37.Kf3 Rc2 38.Nd3 Rc3 39.Ke2 Rxb3 40.fxg5 fxg5 41.h4 gxh4 42.gxh4 Rc3  0-1

[Event "Peer Gynt"]
[Site "Gausdal"]
[Date "1994.??.??"]
[Round "1"]
[White "Bergstrom, Rolf"]
[Black "Psakhis, Lev"]
[Result "1/2-1/2"]
[WhiteElo "2330"]
[BlackElo "2605"]

1.e4 e6 2.d4 d5 3.e5 c5 4.c3 Qb6 5.Nf3 Bd7 6.Na3 cxd4 7.cxd4 Bxa3 8.bxa3 Ne7
9.Bd3 Nbc6 10.Rb1 Qa5+ 11.Bd2 Qxa3 12.Rb3 Qxa2 13.Rxb7 Bc8 14.Rb1 Ba6 15.Ra1 Qxa1
16.Qxa1 Bxd3 17.Qa3 Bc4 18.Bc3 O-O 19.Kd2 Rfb8 20.Ra1 Rb3 21.Qc1 Rab8 22.Ke1 Bd3
23.Nd2 R3b5 24.f3 f6 25.exf6 gxf6 26.Kf2 Kf7 27.Ra3 Bg6 28.Qa1 R8b7 29.g4 h5
30.h3 hxg4 31.hxg4 Nc8 32.Ra6 N8e7 33.Kg3 Rc7 34.Ra3 Rcb7 35.Ra6 Bd3 36.Ra3 Ng6
37.Ra6 Nge7  1/2-1/2

[Event "Gausdal Int"]
[Site "Gausdal"]
[Date "1994.??.??"]
[Round "1"]
[White "Ogaard, Leif"]
[Black "Psakhis, Lev"]
[Result "1/2-1/2"]
[WhiteElo "2420"]
[BlackElo "2605"]

1.d4 Nf6 2.c4 e6 3.Nc3 Bb4 4.e3 c5 5.Bd3 Nc6 6.Ne2 cxd4 7.exd4 d5 8.cxd5 Nxd5
9.O-O O-O 10.Qc2 g6 11.Rd1 Re8 12.Bc4 Bf8 13.Nf4 Nxc3 14.bxc3 Bg7 15.Be3 Na5
16.Be2 b6 17.Rac1 Bb7 18.c4 Qd7 19.c5 Bc6 20.Qd3 Qb7 21.Qa6 Qxa6 22.Bxa6 Red8
23.Be2 Rab8 24.Rd2 b5 25.f3 Rd7 26.Rcd1 Rbd8 27.Kf2 a6 28.h4 Bb7 29.Bf1 Kf8
30.g3 Ke8 31.Be2 Ke7 32.Bf1 Bh8 33.Be2 Bf6 34.Bf1 Bg7 35.Be2 e5 36.dxe5 Bxe5
37.Rxd7+ Rxd7 38.Nd3 Bf6 39.Nb4 Rxd1 40.Bxd1 Kd7 41.a4 Nc4 42.Bb3 Bc3 43.c6+ Bxc6
44.Nxa6 Nxe3 45.Nb8+ Kd6 46.Nxc6 bxa4 47.Bxa4 Nf5 48.Nd8 f6 49.Bb3 h6 50.Ne6 g5
51.hxg5 hxg5 52.g4 Nd4  1/2-1/2

[Event "Peer Gynt"]
[Site "Gausdal"]
[Date "1994.??.??"]
[Round "3"]
[White "Pedersen, Nicolai Vesterbaek"]
[Black "Psakhis, Lev"]
[Result "0-1"]
[WhiteElo "2295"]
[BlackElo "2605"]

1.e4 c5 2.c3 e6 3.d4 d5 4.exd5 exd5 5.Nf3 Nc6 6.Be3 c4 7.b3 cxb3 8.axb3 Bd6
9.Bd3 Nge7 10.Nh4 Be6 11.O-O Qd7 12.f4 Nf5 13.Nxf5 Bxf5 14.Qc2 Ne7 15.c4 Bb4
16.Nc3 Bxd3 17.Qxd3 Bxc3 18.Qxc3 O-O 19.Ra5 b6 20.Rb5 Rac8 21.Qd3 Qe6 22.c5 f5
23.Bd2 Rf6 24.cxb6 axb6 25.Re1 Qf7 26.Re5 Nc6 27.Re1 Na7 28.Rb4 b5 29.Ra1 Re6
30.Ra5 Rce8 31.Kf2 Qe7 32.Rxa7 Qxa7 33.Rxb5 Re2+ 34.Kf3 Qf7 35.Qxe2 Qh5+  0-1

[Event "Gausdal Int"]
[Site "Gausdal"]
[Date "1994.??.??"]
[Round "3"]
[White "Kristensen, Bjarke"]
[Black "Psakhis, Lev"]
[Result "0-1"]
[WhiteElo "2440"]
[BlackElo "2605"]

1.e4 e6 2.d4 d5 3.e5 c5 4.c3 Nc6 5.Nf3 Bd7 6.a3 c4 7.g3 Na5 8.Nbd2 Bc6 9.Nh4 Qd7
10.Ng2 Ba4 11.Qe2 Bc2 12.Nxc4 Nb3 13.Qxc2 Nxa1 14.Qb1 Nb3 15.Nd2 Nxc1 16.Qxc1 Ne7
17.Bd3 O-O-O 18.O-O Kb8 19.Ne3 f5 20.f4 h6 21.Nf3 Qe8 22.Qd1 g5 23.Ng2 g4
24.Nfh4 Nc8 25.a4 Be7 26.Qb3 Bxh4 27.Nxh4 Ne7 28.Ba6 Qc6 29.Be2 Qc7 30.Ra1 Nc6
31.Kf2 Na5 32.Qb4 Rc8 33.Bf1 h5 34.Re1 Ka8 35.Bd3 a6 36.Qd6 Qxd6 37.exd6 Rh6
38.b4 Nc6 39.b5 Nb8 40.Rc1 axb5 41.axb5 Nd7 42.c4 dxc4 43.Rxc4 Rxc4 44.Bxc4 Nb6
45.d5 Kb8 46.Bb3 Nxd5 47.Bxd5 exd5 48.Ke3 Rxd6 49.Kd4 Re6 50.Nxf5 Re2 51.b6 Rxh2
52.Kxd5 Rb2 53.Nh4 Rxb6  0-1

[Event "Gausdal Int"]
[Site "Gausdal"]
[Date "1994.??.??"]
[Round "5"]
[White "Poluljahov, Aleksandr"]
[Black "Psakhis, Lev"]
[Result "1/2-1/2"]
[WhiteElo "2485"]
[BlackElo "2605"]

1.d4 e6 2.c4 Nf6 3.Nf3 c5 4.e3 d5 5.Nc3 a6 6.a3 dxc4 7.Bxc4 b5 8.Ba2 Bb7
9.O-O Nbd7 10.Qe2 Qb6 11.Rd1 Rd8 12.dxc5 Nxc5 13.b4 Rxd1+ 14.Qxd1 Ncd7 15.Bb2 Bd6
16.Rc1 O-O 17.Ne2 Rc8 18.Rxc8+ Bxc8 19.Bd4  1/2-1/2

[Event "Peer Gynt"]
[Site "Gausdal"]
[Date "1994.??.??"]
[Round "6"]
[White "Psakhis, Lev"]
[Black "Myrvold, Torben"]
[Result "1-0"]
[WhiteElo "2605"]
[BlackElo "2310"]

1.c4 e5 2.Nc3 Nf6 3.g3 Bb4 4.Nf3 Qe7 5.Bg2 c6 6.O-O O-O 7.Qb3 Na6 8.d3 h6
9.Bd2 Rd8 10.e4 Bxc3 11.Bxc3 d6 12.Rfe1 Bg4 13.Nh4 Nc5 14.Qc2 g6 15.d4 Ncd7
16.h3 exd4 17.Bxd4 Be6 18.f4 Nb6 19.b3 Nh5 20.Qf2 Bd7 21.Bb2 Kh7 22.g4 Ng7
23.f5 Qf8 24.Rf1 g5 25.Nf3 f6 26.h4 c5 27.hxg5 hxg5 28.Qe3 Be8 29.Nxg5+ fxg5
30.Qxg5 Nd7 31.Rf3 Ne5 32.Rh3+ Kg8 33.f6 Qf7 34.Rf1 Qg6 35.Qh4 Bc6 36.Bxe5 dxe5
37.f7+ Kf8 38.Rf6 Rd1+ 39.Kh2  1-0

[Event "Gausdal Int"]
[Site "Gausdal"]
[Date "1994.??.??"]
[Round "7"]
[White "Davies, Nigel R"]
[Black "Psakhis, Lev"]
[Result "1/2-1/2"]
[WhiteElo "2510"]
[BlackElo "2605"]

1.d4 Nf6 2.Nf3 e6 3.g3 b6 4.Bg2 Bb7 5.c4 Be7 6.O-O O-O 7.Nc3 Ne4 8.Nxe4 Bxe4
9.Nh4 Bxg2 10.Nxg2 d5 11.Qa4 dxc4 12.Qxc4 c5 13.dxc5 Bxc5 14.Be3 Nd7 15.Rfd1 Qe7
16.Rac1 Rfd8 17.Bxc5 Nxc5 18.Ne3  1/2-1/2

[Event "Peer Gynt"]
[Site "Gausdal"]
[Date "1994.??.??"]
[Round "8"]
[White "Psakhis, Lev"]
[Black "Nordahl, Helge"]
[Result "1-0"]
[WhiteElo "2605"]
[BlackElo "2245"]

1.d4 Nf6 2.Nf3 g6 3.c3 Bg7 4.Bg5 O-O 5.Nbd2 d5 6.e3 c6 7.Be2 Nbd7 8.O-O Qc7
9.c4 e5 10.Nxe5 Nxe5 11.Bf4 Nfd7 12.cxd5 cxd5 13.dxe5 Nxe5 14.Nf3 Nxf3+ 15.Bxf3 Qb6
16.Bxd5 Rd8 17.Qf3 Bg4 18.Bxf7+ Kxf7 19.Qxg4 Qxb2 20.Bg5 Rd2 21.Rab1 Qxa2
22.Rxb7+ Kg8 23.Qf4 Rf8 24.Rxg7+  1-0

[Event "Gausdal Int"]
[Site "Gausdal"]
[Date "1994.??.??"]
[Round "9"]
[White "Bronstein, David I"]
[Black "Psakhis, Lev"]
[Result "1/2-1/2"]
[WhiteElo "2440"]
[BlackElo "2605"]

1.d4 Nf6 2.Nf3 e6 3.Bf4 c5 4.c3 cxd4 5.cxd4 Qb6 6.Qb3 Bb4+ 7.Bd2 Nc6 8.e3 d5
9.a3 Bxd2+ 10.Nfxd2 Qxb3 11.Nxb3 b6  1/2-1/2

[Event "Metz op"]
[Site "Metz"]
[Date "1994.??.??"]
[Round "6"]
[White "Hodgson, Julian M"]
[Black "Psakhis, Lev"]
[Result "1-0"]
[WhiteElo "2570"]
[BlackElo "2585"]

1.c4 e5 2.Nc3 Bb4 3.g3 Bxc3 4.bxc3 d6 5.Bg2 f5 6.c5 dxc5 7.Ba3 Qd6 8.d4 exd4
9.cxd4 Qxd4 10.Qc1 Qf6 11.Nh3 Nd7 12.O-O Ne7 13.Bb2 Qf7 14.e4 O-O 15.Ng5 Qg6
16.exf5 Rxf5 17.Re1 Nd5 18.h4 N7b6 19.Qxc5 c6 20.Be4 h6 21.Nf3 Na4 22.Qc2 Nxb2
23.Nd4 Ne7 24.Qxb2 Qf7 25.Nxf5 Nxf5 26.Bc2 c5 27.Qb5 Be6 28.Qxc5 Rc8 29.Qxc8+ Bxc8  1-0

[Event "Moscow ol (Men)"]
[Site "Moscow"]
[Date "1994.??.??"]
[Round "8"]
[White "Short, Nigel D"]
[Black "Psakhis, Lev"]
[Result "1-0"]
[WhiteElo "2665"]
[BlackElo "2605"]

1.e4 e6 2.d4 d5 3.Nc3 Nf6 4.e5 Nfd7 5.f4 c5 6.Nf3 Nc6 7.Be3 Qb6 8.Na4 Qa5+
9.c3 c4 10.b4 Qc7 11.Be2 Be7 12.a3 f5 13.Rg1 Nf8 14.g4 fxg4 15.Rxg4 g6 16.Bf2 b6
17.Nb2 Bd7 18.a4 a6 19.Qb1 Qb7 20.Nd1 b5 21.axb5 axb5 22.Ne3 Rxa1 23.Qxa1 Bd8
24.Kd2 Ne7 25.Bh4 Nf5 26.Bxd8 Kxd8 27.Rg1 Rg8 28.Bd1 Rg7 29.Bc2 Nxe3 30.Kxe3 Be8
31.Qe1 Qe7 32.Qg3 Kc8 33.Ra1 Bc6 34.Qh3 Kb7 35.Qh6 Rg8 36.h4 Be8 37.Rg1 Qg7
38.Qg5 h5 39.Qd8 Qd7 40.Qa5 Qc7 41.Qxc7+ Kxc7 42.f5 exf5 43.Bxf5 Bf7 44.Bh3 Be6
45.Ng5 Bxh3 46.Nxh3 Ne6 47.Rf1 Ra8 48.Rf2 Kc6 49.Rf6 Kd7 50.Nf4 Nxf4 51.Kxf4 Ke7
52.Rxg6 Rf8+ 53.Ke3 Rf1 54.Rd6 Rh1 55.Rxd5 Rxh4 56.Rxb5 Rh3+ 57.Ke4  1-0

[Event "ISR-ch"]
[Site "Tel Aviv"]
[Date "1994.??.??"]
[Round "1"]
[White "Psakhis, Lev"]
[Black "Zoler, Dan"]
[Result "1-0"]
[WhiteElo "2605"]
[BlackElo "2420"]

1.c4 c5 2.Nf3 Nf6 3.Nc3 Nc6 4.g3 g6 5.d4 Bg7 6.Bg2 O-O 7.d5 Na5 8.Nd2 d6
9.Qc2 e5 10.O-O b6 11.e4 Ng4 12.b3 h5 13.h3 Nh6 14.Nf3 Bd7 15.Qe2 Qc8 16.Kh2 f6
17.Bd2 Nb7 18.Nh4 Qe8 19.f4 exf4 20.gxf4 g5 21.Nf5 g4 22.Nh4 f5 23.Rae1 Qd8
24.Nxf5 Nxf5 25.exf5 Bxf5 26.Ne4 Re8 27.Qd1 Bxe4 28.Bxe4 Qh4 29.Bg2 Bd4 30.Re6 Bf2
31.Qc2 Rxe6 32.dxe6 Qg3+ 33.Kh1 gxh3 34.Rxf2 Kg7 35.Qc3+  1-0

[Event "ISR-ch"]
[Site "Tel Aviv"]
[Date "1994.??.??"]
[Round "9"]
[White "Alterman, Boris"]
[Black "Psakhis, Lev"]
[Result "1/2-1/2"]
[WhiteElo "2585"]
[BlackElo "2605"]

1.d4 e6 2.c4 Nf6 3.Nc3 Bb4 4.Qc2 O-O 5.a3 Bxc3+ 6.Qxc3 b6 7.Bg5 Bb7 8.f3 h6
9.Bh4 d5 10.e3 Nbd7 11.cxd5 Nxd5 12.Bxd8 Nxc3 13.Bh4 Nd5 14.Bf2 f5 15.Bb5 c6
16.Bd3 e5 17.Ne2 Rae8 18.O-O e4 19.fxe4 fxe4 20.Bc4 Nf6 21.h3 Bc8 22.Nf4 Kh7
23.Nxd5 Nxd5 24.Rfe1 Be6 25.Rac1 Rf6 26.Bg3 Ne7 27.Be2 Bd5 28.Be5 Rf7 29.Rf1 Rxf1+
30.Rxf1 Ng6 31.Bg3 b5 32.Ra1 Ne7 33.a4 Nf5 34.Bf2 a6 35.axb5 axb5 36.h4 Re7
37.h5 Nd6 38.Ra6 Nc4 39.b4 Rf7 40.Bg4 g6 41.Ra8 Kg7 42.hxg6 Kxg6 43.Rg8+ Kh7
44.Re8 Kg6 45.Ra8 Rf6 46.Rd8 Be6 47.Be2 Bd5 48.Bh4 Rd6 49.Rxd6+ Nxd6 50.Bg3 Nf5
51.Kf2 h5 52.Bf4 Bf7  1/2-1/2

[Event "Andorra op"]
[Site "Andorra"]
[Date "1995.??.??"]
[Round "4"]
[White "Psakhis, Lev"]
[Black "Videki, Sandor"]
[Result "1-0"]
[WhiteElo "2625"]
[BlackElo "2455"]

1.c4 Nf6 2.Nc3 g6 3.e4 d6 4.d4 Bg7 5.f3 O-O 6.Bg5 c5 7.d5 Qa5 8.Qd2 a6 9.a4 e6
10.Ra3 exd5 11.cxd5 Nbd7 12.Nge2 Qc7 13.Ng3 c4 14.Be2 Rb8 15.a5 b5 16.axb6 Nxb6
17.Bh6 Bxh6 18.Qxh6 Re8 19.O-O Nbd7 20.Nd1 Rb4 21.Rc3 Nb6 22.Qc1 Bd7 23.Kh1 Rc8
24.f4 Re8 25.Re3 Qd8 26.f5 a5 27.Nc3 Re5 28.Ref3 gxf5 29.Qg5+ Kh8 30.Nh5  1-0

[Event "Andorra op"]
[Site "Andorra"]
[Date "1995.??.??"]
[Round "5"]
[White "Jansa, Vlastimil"]
[Black "Psakhis, Lev"]
[Result "1/2-1/2"]
[WhiteElo "2525"]
[BlackElo "2625"]

1.e4 e6 2.d4 d5 3.Nd2 c5 4.Ngf3 Nf6 5.exd5 exd5 6.Bb5+ Bd7 7.Bxd7+ Nbxd7
8.O-O Be7 9.dxc5 Nxc5 10.Nd4 Qd7 11.N2f3 O-O 12.Bg5 Nce4 13.Bxf6 Nxf6 14.c3 Bc5
15.Re1 Rfe8 16.Qd3 a6 17.h3 g6 18.Rad1 Qc7 19.Nd2 Kg7 20.Nf1 Qb6 21.Ne3 Re4
22.Re2 Rd8 23.Nb3 Bxe3 24.Rxe3 Rxe3 25.Qxe3 Qxe3 26.fxe3 Re8 27.Kf2 Ne4+
28.Ke2 Re5 29.Nd4 Ng3+ 30.Kf3 Ne4 31.Ke2 Ng3+ 32.Kf3 Ne4  1/2-1/2

[Event "Andorra op"]
[Site "Andorra"]
[Date "1995.??.??"]
[Round "6"]
[White "Psakhis, Lev"]
[Black "Bolding, Klaus"]
[Result "1-0"]
[WhiteElo "2625"]
[BlackElo "2290"]

1.c4 g6 2.e4 Bg7 3.d4 d6 4.Nc3 Nc6 5.d5 Nd4 6.Be3 c5 7.Nge2 Qb6 8.Na4 Qa5+
9.Bd2 Qa6 10.Nxd4 Bxd4 11.Bd3 Bd7 12.Nc3 Nf6 13.O-O O-O 14.h3 Ne8 15.Bg5 f6
16.Bh6 Ng7 17.Qd2 Qb6 18.Rab1 f5 19.exf5 Bxf5 20.Bxf5 Rxf5 21.Ne2 e5 22.dxe6 Nxe6
23.Nxd4 Nxd4 24.Be3 a5 25.Rbd1 Re8 26.b3 d5 27.Bxd4 cxd4 28.Qxd4 Qxd4 29.Rxd4 dxc4
30.Rxc4 Re2 31.a4 Rb2 32.Rc3 b5 33.g4 Re5 34.Rd1 bxa4 35.bxa4 Rb7 36.Rd4 Rf7
37.Rc2 h5 38.Kg2 hxg4 39.hxg4 Kg7 40.Kg3 Rb7 41.Rd6 g5 42.Rcc6 Rf7 43.Rg6+ Kh7
44.Rh6+ Kg8 45.Rcg6+ Rg7 46.Re6 Rc5 47.Rc6 Rd5 48.Rc8+ Kf7 49.Ra6 Rd3+ 50.f3 Rd7
51.Rxa5 Rg6 52.Rcc5  1-0

[Event "Biel op"]
[Site "Biel"]
[Date "1995.??.??"]
[Round "1"]
[White "Belotelov, Dimitri"]
[Black "Psakhis, Lev"]
[Result "0-1"]
[WhiteElo "2325"]
[BlackElo "2610"]

1.e4 c5 2.f4 d5 3.exd5 Nf6 4.Bb5+ Bd7 5.Bxd7+ Qxd7 6.c4 e6 7.Qe2 Bd6 8.dxe6 fxe6
9.d3 Nc6 10.Nf3 O-O 11.O-O Rae8 12.Ne5 Bxe5 13.fxe5 Nd4 14.Qd1 Ng4 15.Qxg4 Rxf1+
16.Kxf1 Rf8+ 17.Kg1 Nc2 18.Nc3 Nxa1 19.Nd5 h5 20.Qh3 Nc2 21.Bg5 Nd4 22.Ne3 Qf7  0-1

[Event "Biel op"]
[Site "Biel"]
[Date "1995.??.??"]
[Round "2"]
[White "Psakhis, Lev"]
[Black "Cherniaev, Alexander"]
[Result "1-0"]
[WhiteElo "2610"]
[BlackElo "2450"]

1.c4 Nf6 2.Nc3 g6 3.d4 Bg7 4.e4 d6 5.f3 O-O 6.Nge2 a6 7.Bg5 Nc6 8.Qd2 Bd7
9.d5 Na5 10.Nd4 c5 11.Nc2 b5 12.b3 b4 13.Nd1 e5 14.Nf2 Nb7 15.g4 a5 16.h4 a4
17.Rb1 axb3 18.axb3 Ra2 19.Bd3 Na5 20.Nd1 Qe8 21.h5 Qe7 22.h6 Bh8 23.Qh2 Ba4
24.bxa4 b3 25.Ra1 Nxg4 26.Bxe7 Nxh2 27.Rxa2 Nxf3+ 28.Kf2  1-0